01061nam a2200277Ia 450000500170000000800410001702000180005810000370007624501190011325000180023230000490025049000390029953400470033865000440038565000490042965000320047865000360051070000320054670000440057826400270062233600270064933700330067633800280070904000350073708400110077220220317001540.0161108s2015 sp a g 000 f s  a97884770281611 aMilne, Alan Alexanderd1882-195610aHistorias de Winny de PuhbWinny de Puh seguido debel rincón de PuhcA.A. Milne ; con dibujos de Ernest Shepard a2a. edición a376 páginasbilustraciones en colorc19 cm aEl club Diógenes : serie naranja tWinnie- the Pooh ; The house at Poo corner142LEMBaNovela juvenil inglesaySiglo XIX142LEMBaLiteratura infantil inglesaySiglo XIX142LEMBaOsos en la literatura142LEMBaAnimales en la literatura1 aShepard, Ernesteilustrador1 aGortázar, Isabel Azaola, Juan Ramón aMadridbValdemarc2015 atextobtxt2rdacontent asin mediaciónbn2rdamedia avolumenbnc2rdacarrier aCO-BoRNBPbspaerdacCO-BoRNBP aN MIL6